Match the Owl to the Literal Latin Name! - Statistics

General Stats
  • This quiz has been taken 4 times
    3 since last reset
  • The average score is 6 of 12
Answer Stats
Hint Answer % Correct
Ear ear Long-Eared Owl
100%
Hoohoo sayer in white Barn Owl
67%
Different-patterned owl Barred Owl
67%
Owl of the west Spotted Owl
67%
Tiny owl of doom! Boreal Owl
33%
Wise digger Burrow Owl
33%
Big-eyeballed earball Eastern Screech-Owl
33%
Cloudy owl Great Gray Owl
33%
Hoo sayer of Virginia Great Horned Owl
33%
Tiny New Brunswick owl Northern Back-Up Owl
33%
Flaming ear Short-Eared Owl
33%
Hoo sayer of Scandinavia Snowy Owl
33%
No matching quizzes found
Score Distribution
Percent of People with Each Score
Percentile by Number Answered
Your Score History
You have not taken this quiz since the last reset